000 01087nam a2200265Ia 4500
003 OSt
005 20220923211144.0
006 a|||||r|||| 00| 0
007 ta
008 220922b |||||||| |||| 00| 0 hin d
020 _a8186684148 (hbk)
_c325
024 _a245,292
037 _b379, 11/02/2011, Swaraj Prakashan
_cTextual
040 _aARTS
_cARTS
_bhin
041 _2hin
_ahin
082 _aYv2'N9, 152N7
100 _aरविंदर कुमार; आदित्य नारायण सिंह, अनु.
_9158834
245 0 _aआधुनिक भारत का सामाजिक इतिहास
246 _aĀdhunik bhārat kā sāmājik itihāsa
260 _aनई दिल्ली
_b ग्रंथ शिल्पी
_c1997
300 _a270पृ.
_ccm.
650 _aसमाजशास्त्र
_9158835
942 _hYv2'N9, 152N7
_cTEXL
_2CC
999 _c296040
_d296040